[Event "EU-ch 18th"]
[Site "Minsk"]
[Date "2017.06.06"]
[Round "7"]
[White "Can, Emre"]
[Black "Minasian, Artashes"]
[Result "1-0"]
[WhiteElo "2589"]
[BlackElo "2480"]
[Annotator "Meulders,R"]
[PlyCount "107"]
[EventDate "2017.05.30"]
[EventType "swiss"]
[EventRounds "11"]
[EventCountry "BLR"]
[SourceTitle "CBM 179"]
[Source "ChessBase"]
[SourceDate "2017.07.12"]
[SourceVersion "1"]
[SourceVersionDate "2017.07.12"]
[SourceQuality "1"]

1. d4 d5 2. Nf3 e6 3. c4 c6 4. Nbd2 f5 5. g3 Nf6 6. Bg2 Bd6 7. O-O O-O 8. Qc2 (
8. b3 Nbd7 9. Bb2 b6 10. Ne5 Bb7 11. Rc1 Rc8 12. e3 Ne4 13. Nxe4 dxe4 14. Nxd7
Qxd7 15. f3 exf3 16. Qxf3 Qe7 17. Rcd1 Bb8 18. e4 c5 $2 (18... Rcd8 $14) 19. d5
f4 $2 20. e5 $18 {0-1 (36) Vovk,Y (2617)-Wei,Y (2734) Baku 2015}) (8. Ne5 b6 9.
cxd5 (9. Ndf3 Bb7 (9... Ne4 10. Qc2 Bb7 11. b3 a5 12. Bb2 Na6 13. a3 Qe7 14.
Nd3 Rac8 15. e3 c5 $11 {1-0 (41) Carlsen,M (2693)-Krasenkow,M (2661) Gausdal
2007}) 10. Bf4 Qe7 (10... Ne4) 11. Rc1 Nbd7 12. cxd5 cxd5 13. Qa4 a6 14. Nc6
Bxc6 15. Qxc6 Bxf4 16. gxf4 Ne4 17. e3 Qd6 $2 (17... Rfd8 $14) 18. Qxd6 Nxd6
19. Rc6 Ne4 20. Rxe6 $16 {1-0 (40) Akobian,V (2624)-Tregubov,P (2642)
Khanty-Mansiysk 2009}) 9... cxd5 10. Ndc4 Bc7 11. Bf4 Ba6 12. Rc1 Bxc4 13. Rxc4
dxc4 14. Bxa8 Nbd7 15. Bc6 Nxe5 16. dxe5 Ng4 17. Bb5 Nxe5 (17... g5 $5 18. Qxd8
Bxd8 19. Bxc4 $1 gxf4 20. Bxe6+ Kg7 21. gxf4 $14) 18. Bxe5 Bxe5 19. Bxc4 Qe7
20. Qb3 Rf6 $2 (20... Kf7) 21. Rd1 Kh8 22. e3 $14 {1-0 (79) Moiseenko,A (2710)
-Can,E (2547) Biel 2015}) 8... Nbd7 9. Ne1 {The beginning of an elaborate
regrouping aimed at controlling the e5-square. It leads to nothing more than
an equal position. The alternatives don't seem to yield White an advantage
either, so it can be said Black is OK in this variation.} (9. a3 a5 10. Rb1 Qe7
11. Ne1 b6 12. Nd3 a4 {Preventing b4.} 13. Nf3 Ba6 14. cxd5 (14. Nde5 $6 Bxe5
15. dxe5 Ne4 16. cxd5 cxd5 $11 17. Bd2 Rfc8 18. Qd1 Qe8 (18... Ndc5 $1 $15) 19.
Bf4 Bc4 20. Nd4 Nec5 (20... h6 $1) 21. Rc1 Nb3 (21... b5) 22. Rxc4 {The start
of a lot of excitement in which Black avoids the draw and loses.} dxc4 23. Nxe6
Ra5 24. Ng5 Rcc5 25. Qd6 Nxe5 26. Rd1 h6 27. Qxb6 Nf7 28. Nxf7 Qxf7 29. Qd8+
Kh7 30. Rd7 Qe6 31. Be3 Re5 32. Bf4 Rxe2 33. Bf3 Re1+ 34. Kg2 c3 35. bxc3 Qc4
36. Kh3 Qa6 37. Rd6 Qa7 38. Rd7 Qxf2 39. Qf8 Qf1+ 40. Bg2 Qxg2+ 41. Kxg2 {
1-0 (41) Van Wely,L (2653)-Zhigalko,S (2647) Jurmala 2016}) 14... cxd5 15. Bf4
Rfc8 16. Qd2 $11) 9... Qe7 10. Nd3 b6 11. Nf3 Bb7 12. Bf4 c5 {With all of his
pieces developed, Black can create a little more breathing space for himself.}
13. Bxd6 Qxd6 14. cxd5 Bxd5 15. Nf4 (15. dxc5 Nxc5 16. Nxc5 Qxc5 17. Qxc5 bxc5
18. Rfc1 Rab8 19. b3 Rfc8 $11) 15... Be4 16. Qb3 Nd5 17. Nxd5 exd5 18. dxc5 (
18. Qa3) 18... bxc5 $15 {If all the pieces are exchanged, White would be
better on account of the pawn formation - three islands versus two. So in
principle Black does best to avoid exchanges.} 19. Rad1 Rab8 20. Qa3 Rb6 (20...
f4 $1 {maintains the initiative. It opens the f-file for the other black rook.}
) 21. b3 (21. Nd2) 21... Ra6 {Black is still better.} 22. Qb2 Qf6 $6 {Why
exchange queens?} (22... f4 $1 23. Nh4 Bxg2 24. Nxg2 fxg3 25. hxg3 Ne5 {
And Black has an active game.}) 23. Qxf6 Nxf6 $11 24. Rd2 {Structurally
speaking White has improved his position because Black has the weaker pawn
formation. His best chance would be a rook ending, because there the chances
for a draw are always greater.} Re8 25. Rc1 Ra5 26. e3 {White plays this phase
very well, patiently strengthening his position and waiting for Black to
create more weaknesses.} h6 (26... g6 27. h4 Re7 28. Ng5 Bxg2 29. Kxg2 h6 30.
Nh3 Ne4 31. Re2 g5 32. f3 g4 33. Nf4 Nf6 $11) 27. Ne1 d4 $2 ({I think Black
should at least have exchanged bishops. His safest course is a rook ending 
("All rook endings end in a draw.") In addition after the text move Black is
saddled with an isolated pawn, which is worse than hanging pawns.} 27... Bxg2
28. Kxg2 Kf7 29. Nd3 Ne4 30. Rb2 g5 31. a4 Rc8 (31... g4 32. b4 Rxa4 (32...
cxb4 33. Rxb4 $16) 33. bxc5 Rc4 34. Ra1 Re7 35. Ra6 Nxc5 36. Nxc5 Rxc5 37. Rxh6
Ra5 $16) 32. Rbc2 g4 33. h3 h5 34. Nf4 Nf6 35. b4 $1 Rxa4 36. bxc5 Rc6 37. Rb2
Rc7 38. c6 Ke7 39. Rb5 $16) 28. exd4 cxd4 29. f3 $1 Bd5 30. Kf2 Bf7 31. Nd3 {
Knights belong in front of an isolated pawn, as Nimzowitsch taught us long ago.
} (31. Bf1 {is also good.}) 31... Nd5 32. Rc5 Ra3 $6 {Of course it's not easy
to foretell whether it's better to leave the rook in its active position with
pressure on a2 or to exchange it. But as Black plays a5 later on, the rook
gets locked up. It is shown later in the game that because of his inferior
pawns Black must play very precisely, whereas White has more options to
manoeuvre.} (32... Rxc5 {looks like the safer option.} 33. Nxc5 Rc8 34. Nd3 Nc3
(34... g5 35. Ne5 Rc5 36. Rxd4 Rc2+ 37. Kg1 Rc1+ 38. Kf2 Rc2+ $11) 35. Ne5 Be6
36. Bf1 Rc5 37. Nd3 Ra5 38. Nb4 Rc5 39. Kg1 Ra5 $11) 33. Nc1 Nb4 34. Bf1 a5 35.
Bb5 (35. Rxf5 $2 Rc8 $1 $11) 35... Rd8 36. h4 (36. Ba4 g6 37. Rxa5 Rc8 $11)
36... Bg6 $2 {The bishop was more active where it was, keeping control of the
g8-a2 diagonal. Black missed his last chance here with ...g6!} (36... g6 $1 37.
Rc7 Kf8 38. Bd3 h5 39. Bb1 d3 $1 $11) 37. Bc4+ Kh7 38. Rc7 f4 $6 {It's
understandable that Black wants more breathing space for his bishop but this
only hastens the end.} (38... d3 $14) 39. gxf4 h5 40. Rc5 $16 Rf8 41. Kg3 $16
Rf6 42. Rg5 (42. Rxd4 $1 $18) 42... Nc6 43. Nd3 Kh6 44. Ne5 Ne7 45. Rg2 (45.
Nxg6 Nxg6 46. Rxd4 Rxa2 47. Rd8 Nf8 48. Rdd5 $18) 45... Be8 (45... a4 46. Nxg6
Nxg6 47. Re2 axb3 48. Bxb3 Nxf4 49. Re8 Ng6 $16) 46. Kh3 $2 (46. Bd3 $1 $18 Nd5
47. Nc4 Nxf4 48. Nxa3 Nxd3 49. Nc2 Nf4 50. Rd2 d3 51. Nd4 $18) 46... g6 $2 (
46... a4 $1 47. b4 g6 $14) 47. Bd3 Nd5 48. Nxg6 $1 a4 $2 (48... Bf7 {is
somewhat more tenacious but loses all the same.} 49. Be4 a4 50. Bxd5 Bxg6 51.
Rd2 d3 52. Kg3 axb3 53. axb3 $18) 49. Rxd5 Bxg6 50. f5 Bh7 51. Ra5 Rb6 52. Kg3
Kg7 53. Kf4+ Kf6 54. Ra7 1-0

[Event "UKR-ch 73rd"]
[Site "Kharkov"]
[Date "2004.08.24"]
[Round "1.1"]
[White "Korobov, Anton"]
[Black "Nosenko, Alexander"]
[Result "1-0"]
[WhiteElo "2565"]
[BlackElo "2506"]
[Annotator "Mikhalevski,V"]
[PlyCount "69"]
[EventDate "2004.08.03"]
[EventType "k.o."]
[EventRounds "5"]
[EventCountry "UKR"]
[SourceTitle "CBM 103"]
[Source "ChessBase"]
[SourceDate "2004.11.11"]
[SourceVersion "1"]
[SourceVersionDate "2004.11.11"]
[SourceQuality "1"]

1. d4 e6 2. c4 f5 3. g3 Nf6 4. Bg2 d5 5. Nh3 c6 6. O-O Bd6 7. Bf4 Be7 8. Qc2
O-O 9. Nc3 {A relatively rare line in which white scores very well.} (9. Nd2 {
is the main line.}) 9... Na6 $6 {A new move in a well-known position. Although
black already developed the knight to a6 he never did so in this moment.
Probably the idea is to play dxc4 which will be followed by Nb4.Anyway I don't
like this idea. Now the knight is too far away from the key square e5.... See
other possibilities below.} ({Roiz} 9... Ne4 10. Nxe4 fxe4 11. f3 exf3 12. exf3
Nd7 13. Rad1 dxc4 14. Qxc4 Nb6 15. Qe2 Bf6 16. Be5 Nd5 17. f4 $14 {1-0 Lukacs,
P-Moskalenko,V/Budapest 1990/CBM 20 ext (61). (60)}) ({Roiz} 9... Nh5 10. Rad1
Nxf4 11. Nxf4 Bd6 12. e3 g5 13. Nfe2 Nd7 14. f3 dxc4 15. e4 fxe4 16. Nxe4 Nb6
$13 {1/2-1/2 Lukacs,P-Totsky,L/Budapest 1996/CBM 53 (16)}) ({Roiz} 9... h6 10.
Rad1 g5 11. Bc1 Bd7 12. f3 dxc4 13. e4 Na6 14. a3 b5 15. Nf2 Nc7 16. f4 g4 17.
b3 $44 {1-0 Gulko,B-Short,N/Reykjavik 1990/CBM 18 (34)}) (9... dxc4 10. e4 Qxd4
11. Rad1 Qc5 12. Rfe1 Re8 13. Ng5 h6 14. Nf3 $44 {1-0 Lukacs,P-Llanos,G/
Budapest 1999/CBM 71 ext (29)}) (9... Bd7 10. Rfd1 Be8 11. a3 h6 12. Rac1 g5
13. Bd2 f4 $6 14. Kh1 $6 ({Roiz} 14. f3 fxg3 15. hxg3 dxc4 16. Nf2 $16) 14...
Nh5 15. gxf4 g4 $36 {1-0 Anand,V-Schmittdiel,E/Stuttgart GER 2004/CBM100[Roiz]
(38). A detailed analyse of the earlier part of the game can be also found
there.}) ({Roiz} 9... b6 $5 10. cxd5 exd5 11. Bxb8 Rxb8 12. Nf4 Bd6) 10. Rad1
Bd7 {Also the idea to bring the bishop via e8 to h5 is common in the Stonewall.
However there is no connection between two last moves.} (10... dxc4 {would be
a logical follow-up. Although after} 11. a3 $1 {White has a very strong
initiative.}) 11. a3 $5 {[%csl Gb4] Restricting the a6-knight.} Nc7 $2 {
Too slow. If Black wanted to capture the c4-pawn he had to do it immediately.
Now the pawn moves to c5 and White obtains not only space advantage, but also
control over the dark squares. Moreover the knight c7 will be out of play.} ({
The only active counterplay could be started with} 11... dxc4 {[%cal Ga6c7,
Gc7d5] with the idea to bring the a6-knight to d5 via c7. In this case after}
12. Qa4 {Black has a choice between agressive} Qb6 ({and} 12... Nc7 13. Qxc4
Ncd5 $14) 13. Qxc4 Qxb2) 12. c5 $1 $14 {[%csl Re5]} h6 {[%cal Gg7g5] This
attempt to solve the problem of the c7-knight be means of g5 and then Ne8-g7
doesn't look great. Eventually Black will have additional weaknesses on the
kingside. However from the other hand passive defense would be even worse.} (
12... b6 {will be always answered with} 13. b4) 13. f3 $1 {[%cal Ge2e4] With a
clear idea to open the position by means of e4.} g5 14. Be5 {The bishop feels
good on e5. Now Black would be glad to have his knight on d7 instead of c7.}
Nce8 ({Black could try to exchange the strong e5-bishop by leaving the
d7-square for other knight.} 14... Be8 $5 {[%cal Gf6d7]} 15. e4 Bg6 {[%cal
Gf6d7]}) 15. Nf2 $1 {[%cal Gf2d3,Ge2e4] White prepares e4 and also brings the
knight closer to d3 from where it controls the e5-square.} ({Immediate} 15. e4
{allows some counterplay:} g4 $5 {[%csl Re4]}) 15... Ng7 16. e4 {Usually this
advance requires much more efforts.} Be8 {[%cal Gf6d7] Finally Black managed
to unpin his pieces and now wants to play Nd7.} 17. b4 a5 $6 {This only helps
White to exploit weaknesses in the Black's position.} (17... Nd7 {would be
much more logical.}) 18. Rb1 $1 {[%csl Rb7] Now the b7-pawn is becoming a new
target for the white pieces.} axb4 19. Rxb4 Nd7 20. Bd6 $5 {[%cal Ge4e5]
Exchange of dark-squared bishops favours White.} Bxd6 ({Black could try to
complicate the matters with} 20... e5 $5 {although I believe that White has a
way to keep his advantage. For example} 21. Bxe7 (21. dxe5 Nxc5 22. Bxe7 Qxe7
23. exd5 Qxe5 24. f4 gxf4 25. Rxf4 Rxa3 26. Nb5 cxb5 27. Qxc5 Ra6 {is not
entirely clear.}) 21... Qxe7 22. exd5 exd4 23. d6 Qe3 24. Na4) 21. cxd6 Qb8 ({
Alternatives are:} 21... b6 $5 {[%cal Gc6c5]}) ({and} 21... e5 $5) 22. e5 c5 {
An attempt to destroy White's strong pawn centre which almost succeeded.} ({
After} 22... Rxa3 23. Qb2 {[%csl Ra3,Rb7]} Ra7 24. Nd3 $1 {White obtains a
very good compensation, Black is at least a pawn up.}) 23. dxc5 Nxe5 24. Rfb1
$6 {[%csl Rb7] Suddenly this move allows some counterplay.} (24. Re1 $5) (24.
f4 $1 {avoids unnecessary complications which could arise in the game.} gxf4
25. gxf4 Nc6 26. Rb6 Rxa3 27. Qb2 $16) 24... Qa7 $1 {[%csl Rc5] An interesting
tactical resource.} (24... Bc6 $5 {[%cal Ge5d7]}) 25. f4 $6 ({The following
piece sacrifice looks good, but it's not easy to evaluate all the consequences.
} 25. Nxd5 $5 exd5 26. f4 gxf4 27. gxf4 Nd7 28. Bxd5+ Bf7 29. Rxb7 Qxa3 30. Qc4
$1 {with a strong pressure.}) 25... gxf4 26. gxf4 Nd7 $2 {A decisive mistake.}
({At Black's disposal was a strong counterblow.} 26... Qxc5 $1 27. fxe5 Rxa3 {
[%csl Rc3]} 28. R1b3 Ba4 $1 {[%cal Ra4c2,Rc5c2]} 29. Rxa4 Rxa4 {and the
outcome is not clear yet.}) 27. Ra4 $1 Qb8 28. c6 $1 $18 {[%csl Rb8] Now it's
over.} Rxa4 29. c7 (29. Nxa4 $5 Qxd6 $140 30. c7 $1 $18) 29... Qc8 30. Nxa4 Bh5
31. Nb6 $1 Nxb6 32. Rxb6 Be8 33. Nd3 (33. Rxb7 $1 $18 {is one move faster, but
I believe the players were short of time and so White noticed this idea later.}
) 33... Nh5 34. Rxb7 $1 Bd7 35. Nc5 {[%cal Gb7b8]} 1-0

[Event "ASEAN GM 2nd"]
[Site "Bangkok"]
[Date "2004.07.26"]
[Round "7"]
[White "Aung, Aung"]
[Black "Nay, Oo Kyaw Tun"]
[Result "0-1"]
[WhiteElo "2498"]
[BlackElo "2504"]
[Annotator "Mikhalevski,V"]
[PlyCount "64"]
[EventDate "2004.07.22"]
[EventType "tourn"]
[EventRounds "10"]
[EventCountry "THA"]
[EventCategory "12"]
[SourceTitle "CBM 103"]
[Source "ChessBase"]
[SourceDate "2004.11.11"]
[SourceVersion "1"]
[SourceVersionDate "2004.11.11"]
[SourceQuality "1"]

{Going through the game of two Myanmar players I was pleasantly surprised by
the level of play, at least one of them. However it didn't take too long to
understand that they simply copied a game of two GMs played 6 years ago.
Nevertheless I decided to comment on the game. The reasons are: first, we have
to know our heroes, and second the game Slipak-Tregubov deserves to be
analysed.} 1. d4 {.} f5 2. c4 e6 3. Nf3 Nf6 4. g3 d5 5. Bg2 c6 6. O-O Bd6 7.
Nbd2 O-O 8. b3 Nbd7 ({In according to Tyomkin it's more flexible to start with
} 8... b6 {leaving an option of Na6 open.}) 9. Bb2 b6 10. Ne5 ({White also
tested} 10. a4 a5 11. Ne5 Bb7 12. Ndf3 Qe7 13. e3 Rfc8 14. Rc1 Ba6 15. Re1 {
1/2-1/2 Ivanov,I-Rodriguez,D/Saint John 1988/CBM 06 (83). (83) and White has a
symbolic advantage.}) (10. Rc1 Bb7 11. Ne5 Rc8 12. Ndf3 Qe7 13. Rc2 Ne4 14.
Nxd7 Qxd7 15. Ne5 Qe7 16. Qd3 Rfd8 17. cxd5 cxd5 18. Rfc1 Qe8 19. Qd1 Rxc2 20.
Rxc2 Rc8 $11 {1/2-1/2 Schulz,W-Czypinski,J/Winnipeg 2000/EXT 2001 (27)}) 10...
Bb7 11. e3 {This move is usually directed against the Black's plan connected
with the break f4.} ({White also achieved nothing special after} 11. Nd3 Qe7
12. e3 Rfd8 13. Qe2 Ne4 14. Rfd1 a5 15. Rac1 a4 16. Nb1 axb3 17. axb3 c5 $2 ({
Tyomkin} 17... Ra6 18. Nc3 Rda8 19. Ra1 $11) 18. f3 Nef6 19. Nc3 dxc4 20. bxc4
cxd4 21. exd4 e5 22. Re1 Re8 23. Nb5 e4 24. fxe4 Bxe4 25. Nf2 Ra2 $2 26. Nxe4
Nxe4 27. c5 $1 $18 {Beliavsky-Pavasovic, Metalska Trgovina 2002[Tyomkin]})
11... Qe7 12. Qe2 Rac8 13. a4 {I don't like this move too much as I see no
point in weakening the b4-square getting nothing in exchange.} a5 14. Rfc1 (14.
Rac1 {also doesn't promise much, but was more logical than the game as White
doesn't need a rook on the a-file. Starting from here when I say White or
Black I mean Slipak and Tregubov respectively.}) 14... Ne4 {Black prepares
Nxe5 which leads to a favourable change in the pawn structure, in a particular
the e5-square will be occupied by a pawn and won't be accessible for knights
anymore.} 15. f4 {The position is almost symmetric, although after the
following exchanges the rook on a1 is misplaced as is the bishop on g2.} (15.
Nxd7 $5 Qxd7 16. Nxe4 fxe4 17. f3 exf3 18. Bxf3 {leads to equality.}) 15...
Nxe5 16. fxe5 Bb4 17. Nxe4 {Otherwise Black remains with a strong knight on e4.
} fxe4 18. Rf1 {It seems that soon the rooks will be traded and the game will
come to its logical conclusion- a draw. However...} Ba6 $1 {[%csl Rc4]} 19. Bh3
$1 {[%csl Re6] White also finds an object of attack.} Rxf1+ 20. Rxf1 Rf8 21.
Rf4 $6 {White doesn't feel a danger and starts to ask for troubles.} ({A
simple and safe} 21. Rxf8+ Kxf8 22. Qc2 {was enough for equality.}) 21... Rxf4
$1 22. exf4 {Now Black obtains a protected passer in the centre.} (22. gxf4)
22... g6 $1 {[%cal Gc6c5] Preventing f5.} 23. Qc2 c5 {Black is intending to
create a weakness on c4.} 24. cxd5 exd5 $15 {Black gets an upper hand. His
pawns are more dangerous and the bishops are more active.} 25. Bc3 Bd3 26. Qc1
Kg7 $5 ({The following line explains why the moe in text was made.} 26... cxd4
27. Bxd4 Bc5 28. Bxc5 Qxc5+ $2 29. Qxc5 bxc5 30. Be6+ {[%csl Rd5]}) 27. Bf1 {
It's not easy to recommend something better. White's position is getting worse
and worse.} (27. Bxb4 axb4 28. a5 bxa5 29. dxc5 (29. Qxc5 $2 {loses on the
spot:} Qxc5 30. dxc5 a4 $1 {[%csl Gb4][%cal Gb4b1]} 31. c6 axb3 32. c7 b2 $1
33. c8=Q b1=Q+ 34. Kf2 Qb2+ 35. Kg1 e3 $1 $19 {and White can't avoid mate in 6.
})) 27... c4 $1 {Black creates another passer.} 28. bxc4 dxc4 $17 {After 20
moves the position looked equal and only a few moves later White is on the
edge of precipice... Don't create passers to your opponent. Be egoistic!} 29.
Bxd3 (29. d5 $2 {loses a pawn.} Qc5+ {[%csl Rd5,Rg1]} 30. Kg2 Qxd5 $19) ({While
} 29. Bh3 {is hopeless in view of} Bxc3 30. Qxc3 Qb4 31. Qc1 (31. Qxb4 axb4 {
and the b-pawn is unstoppable.}) 31... c3 {[%csl Rd4][%cal Gb4b2,Gb4d4] and
Black wins. For example:} 32. f5 Qb2 $1 33. f6+ Kh8 $1 34. Qh6 Qb1+ 35. Kf2
Qc2+ 36. Kg1 Qd1+ 37. Kf2 Qe2+ 38. Kg1 Qe1+ 39. Kg2 Qf1#) 29... cxd3 {[%csl
Gd3,Ge4] Look at the black pawns. Two modest pawns on c6 and d5 has definitely
made a brilliant career.} 30. Bxb4 axb4 $1 {All three Black passers were
created by White.} ({Inaccurate} 30... Qxb4 {would allow counterplay:} 31. Qc7+
Kh6 32. Qd8 {preparing a perpetual.}) 31. Kf2 {It seems that the white king
will stop the pawns, but White is one move short of blocking the pawns.} Qf7 $1
$19 {White has definetely missed this clever move. Now the queen penetrates to
a2 and supports its pawns.} 32. Qb2 {I would hardly call this one an important
novelty as it was the last move in the game.} ({Doesn't save} 32. Ke3 Qa2 $1
33. Qc7+ (33. Kxe4 Qc2 $1) 33... Kh6 34. Kxe4 Qe2+ (34... d2 $5 {is also
enough for a win:} 35. Qe7 Qc2+ 36. Kd5 Qf5 $1 37. Qh4+ Kg7 38. Qe7+ Qf7+) 35.
Kd5 d2 36. Qe7 Qg4 37. Qf8+ Kh5 38. Qe7 h6 39. h3 Qxg3 {0-1 Slipak,S-Tregubov,
P/Buenos Aires 1998/CBM 67 ext (39).}) (32. d5 $5 {was the best practical
chance, but eventually Black wins.} Qxd5 33. Qc7+ Kh6 34. Qe7 Qc5+ $1 35. Qxc5
bxc5 36. e6 Kg7 37. a5 d2 $1 {and Black promotes first.} 38. Ke2 b3 $1 39. e7
Kf7 40. Kxd2 e3+ $1 41. Kxe3 b2 $19) 32... Qc4 {White can't stop Qc2.} (32...
Qc4 {[%cal Gc4c2]} 33. Ke3 Qc2 34. Qxc2 dxc2 35. Kd2 b3 $19 {[%cal Ge4e3]}) 0-1

[Event "Olympiad-23"]
[Site "Buenos Aires"]
[Date "1978.11.01"]
[Round "7"]
[White "Gulko, Boris F"]
[Black "Padevsky, Nikola Bochev"]
[Result "0-1"]
[WhiteElo "2575"]
[BlackElo "2455"]
[Annotator "Minev,N"]
[PlyCount "120"]
[EventDate "1978.10.25"]
[EventType "team-swiss"]
[EventRounds "14"]
[EventCountry "ARG"]
[SourceTitle "EXT 2000"]
[Source "ChessBase"]
[SourceDate "1999.11.16"]
[SourceVersion "1"]
[SourceVersionDate "1999.11.16"]
[SourceQuality "1"]
[WhiteTeam "Soviet Union"]
[BlackTeam "Bulgaria"]
[WhiteTeamCountry "URS"]
[BlackTeamCountry "BUL"]

{Inf.26/111} 1. d4 f5 2. g3 Nf6 3. Bg2 e6 4. Nf3 d5 5. O-O Bd6 6. c4 c6 7. Qc2
(7. b3 $5 {/\ Ba3}) 7... O-O 8. Bg5 b6 $5 9. Ne5 Bb7 10. cxd5 $1 cxd5 11. Na3
a6 12. Rac1 $14 Nbd7 13. Nac4 (13. Nc6 $2 Qe8 {/\ Rc8}) 13... Rc8 14. Qd2 Be7
15. Qe3 Nxe5 16. Nxe5 (16. dxe5 Ng4 $17) 16... Rxc1 17. Rxc1 Ne4 18. Bxe7 Qxe7
19. Qb3 b5 20. Qc2 Nd6 21. Qc7 Re8 22. b3 Kf8 23. Qxe7+ (23. Qb6 Rc8 24. Rxc8+
Nxc8 25. Qc5 Qxc5 26. dxc5 Ne7 {/\ Nc6=}) (23. e3 $142) 23... Rxe7 24. e3 Re8
25. Rc7 Re7 26. Rc5 (26. Rxe7 Kxe7 27. Nd3 $14 {_|_}) 26... Re8 27. Kf1 Rc8 28.
Ke2 Ke7 29. Kd3 a5 30. a4 $2 (30. Rxc8 $11) 30... bxa4 31. bxa4 $2 $138 (31.
Rxc8) 31... Rxc5 $1 32. dxc5 Nc4 $1 $17 33. Kd4 $8 Nxe5 34. Kxe5 Bc6 35. Bf1
Bxa4 36. Ba6 Bc6 37. Bc8 a4 38. Kd4 e5+ 39. Kc3 g6 40. f4 Kf6 41. Ba6 g5 42.
Bd3 gxf4 43. gxf4 (43. exf4 d4+ {/\ e4-+}) 43... d4+ $1 (43... e4 44. Be2 $1
$11) (43... Ke6 44. fxe5 Kxe5 45. Kb4 h6 46. Bc2 $11) 44. exd4 exf4 45. Bc4 Bg2
46. d5 $2 (46. Kd2 $1 Be4 (46... f3 47. Bd5 Bh1 48. Bc4 $11) 47. Kc3 $1 $17)
46... Ke5 $19 47. d6 Bc6 $1 48. Be2 Ke6 49. Bc4+ Ke5 50. Be2 Ke4 51. Kb4 f3 52.
Bc4 f2 53. Bf1 f4 54. Kc4 Ke5 55. Bh3 Ke4 56. Bf1 Ke3 57. Kc3 f3 58. Ba6 a3 59.
Bf1 a2 60. Kb2 Kd2 0-1